Исследование кислотно-основных свойств поверхности полимерных волокнистых материалов; Письма о материалах; Т. 3, № 4

Bibliographische Detailangaben
Parent link:Письма о материалах/ Российская академия наук (РАН), Институт проблем сверхпластичности металлов (ИПСМ).— , 2011-
Т. 3, № 4.— 2013.— [С. 300-303]
Körperschaft: Национальный исследовательский Томский политехнический университет (ТПУ) Институт кибернетики (ИК) Кафедра инженерной графики и промышленного дизайна (ИГПД)
Weitere Verfasser: Лысак И. А. Илья Александрович, Лысак Г. В. Галина Владиленовна, Малиновская Т. Д. Татьяна Дмитриевна, Скворцова Л. Н. Лидия Николаевна, Потекаев А. И. Александр Иванович
Zusammenfassung:Заглавие с экрана
Методом потенциометрического титрования исследованы свойства поверхности полипропиленового волокнистого материала в водных и водно-диметилформамидных средах. Выявлено, что активные центры имеют слабокислотный характер, найдена полная обменная ёмкость и значение силового показателя ( рКа ). Установлена возможность использования полипропиленового волокнистого материала в качестве носителя для металлических наночастиц.
The properties of the surface of the polypropylene fiber material are investigated by potentiometric titration in water and water-dimethylformamide. Defined slightly acidic nature of the active centers found their full exchange capacity and the value of the logarithmic acid-ionization constant ( pKa ). The use of polypropylene fiber material as a carrier for metal nanoparticles was justified.
Режим доступа: по договору с организацией-держателем ресурса
Sprache:Russisch
Veröffentlicht: 2013
Schlagworte:
Online-Zugang:http://elibrary.ru/item.asp?id=20889690
http://vital.lib.tsu.ru/vital/access/manager/Repository/vtls:000467828
Format: Elektronisch Buchkapitel
KOHA link:https://koha.lib.tpu.ru/cgi-bin/koha/opac-detail.pl?biblionumber=640124

MARC

LEADER 00000naa0a2200000 4500
001 640124
005 20250228160024.0
035 |a (RuTPU)RU\TPU\network\4654 
090 |a 640124 
100 |a 20150410d2013 k||y0rusy50 ca 
101 0 |a rus 
102 |a RU 
135 |a drgn ---uucaa 
181 0 |a i  
182 0 |a b 
200 1 |a Исследование кислотно-основных свойств поверхности полимерных волокнистых материалов  |d Acid-base properties of surface of polymeric fibrous materials  |f И. А. Лысак [и др.] 
203 |a Текст  |c электронный 
300 |a Заглавие с экрана 
320 |a [Библиогр.: с. 303 (12 назв.)] 
330 |a Методом потенциометрического титрования исследованы свойства поверхности полипропиленового волокнистого материала в водных и водно-диметилформамидных средах. Выявлено, что активные центры имеют слабокислотный характер, найдена полная обменная ёмкость и значение силового показателя ( рКа ). Установлена возможность использования полипропиленового волокнистого материала в качестве носителя для металлических наночастиц. 
330 |a The properties of the surface of the polypropylene fiber material are investigated by potentiometric titration in water and water-dimethylformamide. Defined slightly acidic nature of the active centers found their full exchange capacity and the value of the logarithmic acid-ionization constant ( pKa ). The use of polypropylene fiber material as a carrier for metal nanoparticles was justified. 
333 |a Режим доступа: по договору с организацией-держателем ресурса 
461 |t Письма о материалах  |f Российская академия наук (РАН), Институт проблем сверхпластичности металлов (ИПСМ)  |d 2011- 
463 |t Т. 3, № 4  |v [С. 300-303]  |d 2013 
510 1 |a Acid-base properties of surface of polymeric fibrous materials  |z eng 
610 1 |a электронный ресурс 
610 1 |a труды учёных ТПУ 
610 1 |a потенциометрическое титрование 
610 1 |a полипропилен 
610 1 |a волокнистые материалы 
610 1 |a поверхности 
610 1 |a протолитические свойства 
701 1 |a Лысак  |b И. А.  |c специалист в области автоматизации и робототехники  |c доцент Томского политехнического университета, кандидат технических наук  |f 1977-  |g Илья Александрович  |3 (RuTPU)RU\TPU\pers\31784  |9 15895 
701 1 |a Лысак  |b Г. В.  |c  химик-технолог  |c ассистент кафедры Томского политехнического университета, кандидат химических наук  |g Галина Владиленовна  |9 88512 
701 1 |a Малиновская  |b Т. Д.  |g Татьяна Дмитриевна 
701 1 |a Скворцова  |b Л. Н.  |g Лидия Николаевна 
701 1 |a Потекаев  |b А. И.  |g Александр Иванович 
712 0 2 |a Национальный исследовательский Томский политехнический университет (ТПУ)  |b Институт кибернетики (ИК)  |b Кафедра инженерной графики и промышленного дизайна (ИГПД)  |3 (RuTPU)RU\TPU\col\18737 
801 2 |a RU  |b 63413507  |c 20150410  |g RCR 
856 4 |u http://elibrary.ru/item.asp?id=20889690 
856 4 |u http://vital.lib.tsu.ru/vital/access/manager/Repository/vtls:000467828 
942 |c CF